<?xml version="1.0" encoding="UTF-8"?>
<record
    xmlns:xsi="http://www.w3.org/2001/XMLSchema-instance"
    xsi:schemaLocation="http://www.loc.gov/MARC21/slim http://www.loc.gov/standards/marcxml/schema/MARC21slim.xsd"
    xmlns="http://www.loc.gov/MARC21/slim">

  <leader>02228nam a2200433 i 4500</leader>
  <controlfield tag="001">000020672</controlfield>
  <controlfield tag="003">DO-SdBNP</controlfield>
  <controlfield tag="005">20250723145219.0</controlfield>
  <controlfield tag="007">ta</controlfield>
  <controlfield tag="008">100812s2019  dr       000 0 spa d</controlfield>
  <datafield tag="020" ind1=" " ind2=" ">
    <subfield code="a">9789945503609</subfield>
  </datafield>
  <datafield tag="040" ind1=" " ind2=" ">
    <subfield code="a">DO-SdBNP</subfield>
    <subfield code="b">spa</subfield>
    <subfield code="c">BNPHU</subfield>
    <subfield code="e">rda</subfield>
  </datafield>
  <datafield tag="041" ind1=" " ind2=" ">
    <subfield code="a">spa</subfield>
  </datafield>
  <datafield tag="082" ind1=" " ind2="4">
    <subfield code="a">xxx</subfield>
    <subfield code="b">xxx</subfield>
    <subfield code="2">22</subfield>
  </datafield>
  <datafield tag="111" ind1=" " ind2=" ">
    <subfield code="a">XV Feria Regional del Libro y la cultura Monte Plata 2019 </subfield>
    <subfield code="d">(2019)</subfield>
    <subfield code="9">76661</subfield>
  </datafield>
  <datafield tag="245" ind1="0" ind2="0">
    <subfield code="a">Voces del Este 2019 :</subfield>
    <subfield code="b">cuentos y poemas ganadores del certamen regional para Talleres Literarios /</subfield>
    <subfield code="c">Bileysi Reyes, Mar&#xED;a del Carmen Villafa&#xF1;a, &#xC1;mbar Rodr&#xED;guez, Francisco Antonio Encarnaci&#xF3;n</subfield>
  </datafield>
  <datafield tag="260" ind1=" " ind2=" ">
    <subfield code="a">Santo Domingo,</subfield>
    <subfield code="c">2019.</subfield>
    <subfield code="b">Nacional</subfield>
  </datafield>
  <datafield tag="300" ind1=" " ind2=" ">
    <subfield code="a">92 p&#xE1;ginas ;</subfield>
    <subfield code="c">21 cm.</subfield>
  </datafield>
  <datafield tag="336" ind1=" " ind2=" ">
    <subfield code="a">texto</subfield>
    <subfield code="b">txt</subfield>
    <subfield code="2">rdacontent</subfield>
  </datafield>
  <datafield tag="337" ind1=" " ind2=" ">
    <subfield code="a">sin mediaci&#xF3;n</subfield>
    <subfield code="b">n</subfield>
    <subfield code="2">rdamedia</subfield>
  </datafield>
  <datafield tag="338" ind1=" " ind2=" ">
    <subfield code="a">volumen</subfield>
    <subfield code="b">nc</subfield>
    <subfield code="2">rdacarrier</subfield>
  </datafield>
  <datafield tag="490" ind1="1" ind2=" ">
    <subfield code="a">Narrativa-Poes&#xED;a</subfield>
  </datafield>
  <datafield tag="505" ind1="0" ind2=" ">
    <subfield code="a">Cuentos --</subfield>
    <subfield code="t">Ruidos profanos /</subfield>
    <subfield code="r">Bileysi Reyes /</subfield>
    <subfield code="g">1er. lugar --</subfield>
    <subfield code="t">Rumores /</subfield>
    <subfield code="r">Mar&#xED;a del Carmen Villafa&#xF1;a /</subfield>
    <subfield code="g">2do. lugar --</subfield>
    <subfield code="t">Katlyn /</subfield>
    <subfield code="r">&#xC1;mbar Rodr&#xED;guez /</subfield>
    <subfield code="g">3er. lugar --</subfield>
    <subfield code="t">La marca /</subfield>
    <subfield code="r">Francisco Antonio Encarnaci&#xF3;n /</subfield>
    <subfield code="g">1ra. menci&#xF3;n --</subfield>
    <subfield code="t">Muerte s&#xFA;bita /</subfield>
    <subfield code="r">Jon&#xE1;s S&#xE1;nchez Paulino /</subfield>
    <subfield code="g">2da. menci&#xF3;n --</subfield>
    <subfield code="t">Un demonio en la casa de Dios /</subfield>
    <subfield code="r">Ruth Elizabeth Abr&#xE9;u /</subfield>
    <subfield code="g">3era. menci&#xF3;n -- </subfield>
  </datafield>
  <datafield tag="505" ind1="0" ind2=" ">
    <subfield code="a">Poemas --</subfield>
    <subfield code="t">Intangibilidad de la ciudad costera /</subfield>
    <subfield code="r">&#xC1;mbar Rodr&#xED;guez /</subfield>
    <subfield code="g">1er. lugar --</subfield>
    <subfield code="t">A ustedes/</subfield>
    <subfield code="r">Leyddy Dhianna Reynoso /</subfield>
    <subfield code="g">2do. lugar --</subfield>
    <subfield code="t">Papi /</subfield>
    <subfield code="r">Ivania Edelmira Henriguez /</subfield>
    <subfield code="g">3er. lugar --</subfield>
    <subfield code="t">Magdalena /</subfield>
    <subfield code="r">Rosbelisa Berroa /</subfield>
    <subfield code="g">1era. menci&#xF3;n --</subfield>
    <subfield code="t">Nieve negra /</subfield>
    <subfield code="r">Angie Francisca Pe&#xF1;a /</subfield>
    <subfield code="g">2da. menci&#xF3;n --</subfield>
    <subfield code="t">Onirismo /</subfield>
    <subfield code="r">V&#xED;ctor Andr&#xE9;s de &#xD3;leo /</subfield>
    <subfield code="g">3era. menci&#xF3;n --</subfield>
  </datafield>
  <datafield tag="590" ind1=" " ind2=" ">
    <subfield code="a">Inventariado, 2020/YL</subfield>
  </datafield>
  <datafield tag="700" ind1="1" ind2="2">
    <subfield code="a">Reyes, Bileysi,</subfield>
    <subfield code="d">1993</subfield>
    <subfield code="9">76663</subfield>
  </datafield>
  <datafield tag="700" ind1="1" ind2="2">
    <subfield code="a">Villafa&#xF1;a, Mar&#xED;a del Carmen</subfield>
    <subfield code="9">76664</subfield>
  </datafield>
  <datafield tag="700" ind1="1" ind2="2">
    <subfield code="a">Rodr&#xED;guez, &#xC1;mbar</subfield>
    <subfield code="9">76665</subfield>
  </datafield>
  <datafield tag="700" ind1="1" ind2="2">
    <subfield code="a">Encarnaci&#xF3;n, Francisco Antonio</subfield>
    <subfield code="9">76666</subfield>
  </datafield>
  <datafield tag="700" ind1="1" ind2="2">
    <subfield code="a">S&#xE1;nchez Paulino, Jon&#xE1;s</subfield>
    <subfield code="9">74654</subfield>
  </datafield>
  <datafield tag="700" ind1="1" ind2="2">
    <subfield code="a">Abr&#xE9;u, Ruth Elizabeth</subfield>
    <subfield code="9">76667</subfield>
  </datafield>
  <datafield tag="700" ind1="1" ind2="2">
    <subfield code="a">Reynoso, Leyddy Dhianna</subfield>
    <subfield code="9">76668</subfield>
  </datafield>
  <datafield tag="700" ind1="1" ind2="2">
    <subfield code="a">Henr&#xED;quez, Ivania Edelmira</subfield>
    <subfield code="9">74648</subfield>
  </datafield>
  <datafield tag="700" ind1="1" ind2="2">
    <subfield code="a">Berroa, Rosbelisa</subfield>
    <subfield code="9">76669</subfield>
  </datafield>
  <datafield tag="700" ind1="1" ind2="2">
    <subfield code="a">Pe&#xF1;a, Angie Francisca</subfield>
    <subfield code="9">76670</subfield>
  </datafield>
  <datafield tag="700" ind1="1" ind2="2">
    <subfield code="a">&#xD3;leo, V&#xED;ctor Andr&#xE9;s de</subfield>
    <subfield code="9">76671</subfield>
  </datafield>
  <datafield tag="942" ind1=" " ind2=" ">
    <subfield code="2">ddc</subfield>
    <subfield code="c">LBS1</subfield>
  </datafield>
  <datafield tag="952" ind1=" " ind2=" ">
    <subfield code="0">0</subfield>
    <subfield code="1">0</subfield>
    <subfield code="2">ddc</subfield>
    <subfield code="5">6</subfield>
    <subfield code="7">0</subfield>
    <subfield code="8">DS</subfield>
    <subfield code="a">BNPHU</subfield>
    <subfield code="b">BNPHU</subfield>
    <subfield code="c">CT</subfield>
    <subfield code="d">2020-03-16</subfield>
    <subfield code="e">Dep&#xF3;sito Legal</subfield>
    <subfield code="l">0</subfield>
    <subfield code="o"> BNPHU DS </subfield>
    <subfield code="p">20672-30</subfield>
    <subfield code="r">2020-06-25</subfield>
    <subfield code="t">e. 3</subfield>
    <subfield code="w">2020-06-25</subfield>
    <subfield code="y">LBS1</subfield>
  </datafield>
  <datafield tag="952" ind1=" " ind2=" ">
    <subfield code="0">0</subfield>
    <subfield code="1">0</subfield>
    <subfield code="2">ddc</subfield>
    <subfield code="5">1</subfield>
    <subfield code="7">0</subfield>
    <subfield code="8">PD</subfield>
    <subfield code="a">BNPHU</subfield>
    <subfield code="b">BNPHU</subfield>
    <subfield code="c">CT</subfield>
    <subfield code="d">2020-03-16</subfield>
    <subfield code="e">Dep&#xF3;sito Legal</subfield>
    <subfield code="l">0</subfield>
    <subfield code="o"> BNPHU PD </subfield>
    <subfield code="p">20672-10</subfield>
    <subfield code="r">2020-06-25</subfield>
    <subfield code="w">2020-06-25</subfield>
    <subfield code="y">LBS1</subfield>
  </datafield>
  <datafield tag="952" ind1=" " ind2=" ">
    <subfield code="0">0</subfield>
    <subfield code="1">0</subfield>
    <subfield code="2">ddc</subfield>
    <subfield code="5">1</subfield>
    <subfield code="7">0</subfield>
    <subfield code="8">PD</subfield>
    <subfield code="a">BNPHU</subfield>
    <subfield code="b">BNPHU</subfield>
    <subfield code="c">CT</subfield>
    <subfield code="d">2020-03-16</subfield>
    <subfield code="e">Dep&#xF3;sito Legal</subfield>
    <subfield code="l">0</subfield>
    <subfield code="o"> BNPHU PD </subfield>
    <subfield code="p">20672-20</subfield>
    <subfield code="r">2020-06-25</subfield>
    <subfield code="t">e. 2</subfield>
    <subfield code="w">2020-06-25</subfield>
    <subfield code="y">LBS1</subfield>
  </datafield>
  <datafield tag="956" ind1=" " ind2=" ">
    <subfield code="a">YLOCKWARD</subfield>
  </datafield>
  <datafield tag="999" ind1=" " ind2=" ">
    <subfield code="c">20176</subfield>
    <subfield code="d">20176</subfield>
  </datafield>
</record>
